000 00413nam a22001697a 4500
005 20160618150822.0
008 160618b xxu||||| |||| 00| 0 eng d
020 _a978-0-07-84455-0
041 _aeng
082 _b8185
100 _aSharma, R.C. and Mohan, Krishna
_92244
245 _aBusiness Correspondence and Report Writing
260 _bTMH
300 _a405
650 _aManagement
_9241
942 _cBK
999 _c3139
_d3138